K social'nomu portretu otečestvennogo predprinimatelja.

Charakteristika troch etáp vzniku národného podnikateľstva v bývalom ZSSR. Analýza sociálneho profilu národného (domáceho) podnikateľa. Prekážky na ceste rozvoja podnikateľstva. Zahalený, takmer mafiózny charakter sprevádzaný tendenciou monopolizácie trhu a spojením so štátnymi inštitúciami ako osob...

Descrizione completa

Salvato in:
Dettagli Bibliografici
Autore principale: Jemeljanov, O.
Natura: Capitolo di libro
Lingua:russo
Soggetti:
Tags: Aggiungi Tag
Nessun Tag, puoi essere il primo ad aggiungerne!!

MARC

LEADER 00000naa a2200000 4500
001 r010286
005 20221208123102.8
041 0 |a rus 
044 |a [SU] 
245 1 0 |a K social'nomu portretu otečestvennogo predprinimatelja.  |c O. Jemeljanov 
520 |a Charakteristika troch etáp vzniku národného podnikateľstva v bývalom ZSSR. Analýza sociálneho profilu národného (domáceho) podnikateľa. Prekážky na ceste rozvoja podnikateľstva. Zahalený, takmer mafiózny charakter sprevádzaný tendenciou monopolizácie trhu a spojením so štátnymi inštitúciami ako osobitná črta rodiaceho sa národného podnikania. 
610 2 0 |a podnikanie 
610 2 0 |a podnikatelia 
610 2 0 |a ZSSR 
610 2 0 |a Rusko 
610 2 0 |a Spoločenstvo nezávislých štátov 
100 1 |a Jemeljanov, O.